000 00589nam a2200193Ia 4500
005 20221117123105.0
008 131103s9999 xx 000 0 und d
040 _aLoreto College
041 _aEnglish
082 _a954.03
_bLAT
245 _aBishop Heber in Northern India
_b selections from Heber's Journal
_cedited by M.A.Laird
260 _aCambridge
_bAt The University Press
_c1971
300 _avii,324 p.
_b ill.,maps
504 _aIncludes index and bibliographical references
650 _aIndian Modern History
700 _aLaird,M.A;ed.
850 _aLCLIB
942 _cBK
999 _c9805
_d60284